000 00925nam a2200301 i 4500
001 000012156
003 DO-SdBNP
005 20260319140117.0
007 ta
008 091106s2002 dr 000 f spa d
020 _a9993458090
040 _aDO-SdBNP
_bspa
_cBNPHU
_erda
041 _aspa
082 4 _aRD863.44
_bD325v
_222
100 1 _aDeive, Carlos Esteban,
_eautor
_4aut.
_d1935-2019
_91916
245 1 0 _aViento negro, bosque del caimán :
_bnovela /
_cCarlos Esteban Deive.
250 _aprimera edición
264 4 _aSanto Domingo :
_bEditora Centenario,
_c©2002.
300 _a244 páginas ;
_c22 cm.
336 _atexto
_btxt
_2rdacontent
337 _asin mediación
_bn
_2rdamedia
338 _avolumen
_bnc
_2rdacarrier
590 _aInventariado, 2020/YL
650 4 _aNovela dominicana
_9223
650 4 _aLiteratura dominicana.
_967
910 _aValidado. Control de calidad MFF
942 _2ddc
_cLBS1
999 _c11821
_d11821